Natural Disasters - Statistics

General Stats
  • This quiz has been taken 157 times
  • The average score is 16 of 24
Answer Stats
Hint Disaster % Correct
Wind Funnel Tornado
98%
A Large Wave Tsunami
98%
Lava Volcano
95%
Shaking Land Earthquake
94%
Rising Water Flood
93%
Wind and Rain Hurricane
84%
Wind and Sand Sandstorm
79%
Corrosive Rain Acid Rain
77%
Sliding Snow Avalanche
77%
Extreme Dryness Drought
77%
Extreme Heat Heat Wave
75%
Alot of Snow Fall Blizzard
74%
Raining Ice Hail
74%
Sliding Mud Mudslide
73%
Wind and Dust Dust Storm
67%
Rapid Fires Wildfire
67%
Collapsing Land Landslide
65%
Large Static Electricity Lightning
53%
Sickness Plague
42%
Falling Boulders Rockslide
36%
Extreme Cold Cold Wave
34%
WInd and Fire Firestorm
26%
Space Rocks Meteor Shower
26%
Hollow Land Sink Holes
12%
No matching quizzes found
Score Distribution
Percent of People with Each Score
Percentile by Number Answered
Your Score History
You have not taken this quiz